Sherlock Character Names - Statistics

General Stats
  • This quiz has been taken 69 times
  • The average score is 10 of 14
Answer Stats
First Name Last Name % Correct
John Watson
100%
Sherlock Holmes
100%
Mycroft Holmes
98%
Irene Adler
89%
James Moriarty
89%
Mary Morstan
85%
Greg Lestrade
80%
Molly Hooper
78%
Sally Donovan
67%
Mike Stamford
65%
Charles Augustus Magnussen
58%
Philip Anderson
58%
Martha Hudson
38%
Janine Hawkins
22%
No matching quizzes found
Score Distribution
Percent of People with Each Score
Percentile by Number Answered
Your Score History
You have not taken this quiz